[Event "RUS-chT Higher League 2021"]
[Site "Sochi"]
[Date "2021.05.08"]
[Round "7.2"]
[White "Yeletsky, Ivan"]
[Black "Shomoev, Anton"]
[Result "1/2-1/2"]
[WhiteElo "2448"]
[BlackElo "2563"]
[Annotator "ChessBase"]
[PlyCount "212"]
[EventDate "2021.05.01"]
[EventType "team-tourn"]
[EventCountry "RUS"]
[SourceTitle "playchess.com"]
[Source "ChessBase"]
[SourceQuality "1"]
[TimeControl "40/5400+30:1800+30"]

1. d4 {[%emt 0:00:00]} Nf6 {[%emt 0:00:00]} 2. c4 {[%emt 0:00:00]} g6 {[%emt 0:00:00]} 3. Nc3 {[%emt 0:00:00]} d5 {[%emt 0:00:00]} 4. cxd5 {[%emt 0:00:08]} Nxd5 {[%emt 0:00:00]} 5. e4 {[%emt 0:00:10]} Nxc3 {[%emt 0:00:00]} 6. bxc3 {[%emt 0:00:06]} Bg7 {[%emt 0:00:00]} 7. Bc4 {[%emt 0:00:42]} c5 {[%emt 0:00:00]} 8. Ne2 {[%emt 0:00:16]} Nc6 {[%emt 0:00:06]} 9. Be3 {[%emt 0:00:08]} O-O {[%emt 0:00:03]} 10. O-O {[%emt 0:00:07]} b6 {[%emt 0:00:03]} 11. Rc1 {[%emt 0:00:07]} Bb7 {[%emt 0:01:37]} 12. Qd2 {[%emt 0:00:11]} Qc7 {[%emt 0:02:21]} 13. Rfd1 {[%emt 0:01:57]} Rad8 {[%emt 0:00:45]} 14. Qe1 {[%emt 0:03:04]} Na5 {[%emt 0:01:49]} 15. Bd3 {[%emt 0:00:11]} e5 {[%emt 0:02:09]} 16. dxe5 {[%emt 0:10:29]} Bxe5 {[%emt 0:01:34]} 17. f4 {[%emt 0:00:11]} Rxd3 {[%emt 0:03:03]} 18. Rxd3 {[%emt 0:00:40]} Bxe4 {[%emt 0:00:07]} 19. Rdd1 {[%emt 0:00:15]} Bf6 {[%emt 0:03:35]} 20. Ng3 {[%emt 0:01:49]} Bb7 {[%emt 0:05:00]} 21. f5 {[%emt 0:00:20]} Qc6 {[%emt 0:02:44]} 22. Qf2 {[%emt 0:00:29]} Nc4 {[%emt 0:03:28]} 23. Bh6 {[%emt 0:00:28]} Re8 {[%emt 0:00:30]} 24. Rc2 {[%emt 0:04:23]} Ne5 {[%emt 0:10:08]} 25. h3 {[%emt 0:11:36]} c4 {[%emt 0:02:01]} 26. Re1 {[%emt 0:09:17]} Rd8 {[%emt 0:34:44]} 27. fxg6 {[%emt 0:13:41]} hxg6 {[%emt 0:00:10]} 28. Rf1 {[%emt 0:09:00]} Rd6 {[%emt 0:02:01]} 29. Qe3 {[%emt 0:07:17]} Nd3 {[%emt 0:13:53]} 30. Re2 {[%emt 0:02:13]} Be5 {[%emt 0:01:28]} 31. Qg5 {[%emt 0:02:48]} Re6 {[%emt 0:04:02]} 32. Ne4 {[%emt 0:03:32]} Qc7 {[%emt 0:04:37]} 33. Kh1 {[%emt 0:03:45]} Bh8 {[%emt 0:01:02]} 34. Ng3 {[%emt 0:04:34]} Qd7 {[%emt 0:03:21]} 35. Kh2 {[%emt 0:01:14]} Rxe2 {[%emt 0:00:25]} 36. Nxe2 {[%emt 0:00:08]} Be5+ {[%emt 0:00:13]} 37. Kg1 {[%emt 0:00:08]} Qd5 {[%emt 0:00:47]} 38. Qg4 {[%emt 0:01:45]} Qc5+ {[%emt 0:00:35]} 39. Nd4 {[%emt 0:00:08]} Qd5 {[%emt 0:00:32]} 40. Nf5 {[%emt 0:00:00]} Qe6 {[%emt 0:00:00]} 41. Be3 {[%emt 0:06:04]} Kf8 {[%emt 0:03:24]} 42. Bh6+ {[%emt 0:10:24]} Kg8 {[%emt 0:00:13]} 43. Bd2 {[%emt 0:00:09]} Kf8 {[%emt 0:01:11]} 44. Ne3 {[%emt 0:00:19]} Bd5 {[%emt 0:03:04]} 45. Nxd5 {[%emt 0:00:55]} Qxd5 {[%emt 0:00:03]} 46. Qc8+ {[%emt 0:09:58]} Kg7 {[%emt 0:02:47]} 47. Qe8 {[%emt 0:00:17]} b5 {[%emt 0:06:38]} 48. a3 {[%emt 0:07:54]} a5 {[%emt 0:00:54]} 49. Kh1 {[%emt 0:00:59]} b4 {[%emt 0:05:31]} 50. axb4 {[%emt 0:00:08]} axb4 {[%emt 0:00:03]} 51. cxb4 {[%emt 0:00:07]} c3 {[%emt 0:00:14]} 52. Be3 {[%emt 0:02:57]} c2 {[%emt 0:05:43]} 53. b5 {[%emt 0:02:07]} Bf4 {[%emt 0:04:28]} 54. Rxf4 {[%emt 0:01:09]} Nxf4 {[%emt 0:00:12]} 55. Bxf4 {[%emt 0:00:06]} c1=Q+ {[%emt 0:01:02]} 56. Bxc1 {[%emt 0:00:10]} Qd1+ {[%emt 0:00:01]} 57. Kh2 {[%emt 0:00:07]} Qxc1 {[%emt 0:00:01]} 58. Qe5+ {[%emt 0:00:33]} f6 {[%emt 0:00:28]} 59. Qe7+ {[%emt 0:00:36]} Kh6 {[%emt 0:00:05]} 60. Qd6 {[%emt 0:00:18]} f5 {[%emt 0:00:55]} 61. b6 {[%emt 0:04:25]} Qe3 {[%emt 0:01:32]} 62. b7 {[%emt 0:01:55]} f4 {[%emt 0:00:06]} 63. Qd1 {[%emt 0:01:59]} Qe5 {[%emt 0:01:50]} 64. Qf3 {[%emt 0:00:16]} g5 {[%emt 0:01:31]} 65. Qf2 {[%emt 0:00:14]} Qd6 {[%emt 0:01:06]} 66. Qb2 {[%emt 0:00:29]} f3+ {[%emt 0:00:34]} 67. g3 {[%emt 0:00:15]} Qb8 {[%emt 0:00:04]} 68. Qf6+ {[%emt 0:00:10]} Kh7 {[%emt 0:00:03]} 69. Qf7+ {[%emt 0:00:07]} Kh6 {[%emt 0:00:05]} 70. Qe6+ {[%emt 0:00:23]} Kg7 {[%emt 0:00:27]} 71. Qd7+ {[%emt 0:00:07]} Kh6 {[%emt 0:00:11]} 72. Qc6+ {[%emt 0:00:09]} Kg7 {[%emt 0:00:08]} 73. Qxf3 {[%emt 0:00:06]} Qe5 {[%emt 0:00:11]} 74. h4 {[%emt 0:01:55]} gxh4 {[%emt 0:00:07]} 75. Qg4+ {[%emt 0:00:05]} Kh7 {[%emt 0:00:17]} 76. Qxh4+ {[%emt 0:00:07]} Kg7 {[%emt 0:00:06]} 77. Qg4+ {[%emt 0:00:12]} Kh7 {[%emt 0:00:05]} 78. Kh3 {[%emt 0:00:53]} Qd5 {[%emt 0:00:30]} 79. Qb4 {[%emt 0:02:08]} Qe6+ {[%emt 0:00:44]} 80. Kg2 {[%emt 0:00:08]} Qe2+ {[%emt 0:00:12]} 81. Kg1 {[%emt 0:00:07]} Qe3+ {[%emt 0:00:10]} 82. Kg2 {[%emt 0:00:23]} Qe2+ {[%emt 0:00:07]} 83. Kh3 {[%emt 0:00:06]} Qe6+ {[%emt 0:00:05]} 84. g4 {[%emt 0:00:19]} Qe3+ {[%emt 0:01:26]} 85. Kg2 {[%emt 0:00:07]} Qe2+ {[%emt 0:02:22]} 86. Kg1 {[%emt 0:00:06]} Qe3+ {[%emt 0:00:51]} 87. Kf1 {[%emt 0:00:07]} Qf3+ {[%emt 0:00:14]} 88. Ke1 {[%emt 0:00:05]} Qe3+ {[%emt 0:00:03]} 89. Kd1 {[%emt 0:00:05]} Qd3+ {[%emt 0:00:20]} 90. Kc1 {[%emt 0:00:06]} Qe3+ {[%emt 0:00:44]} 91. Qd2 {[%emt 0:01:12]} Qa3+ {[%emt 0:00:47]} 92. Qb2 {[%emt 0:00:27]} Qe3+ {[%emt 0:00:11]} 93. Kb1 {[%emt 0:01:52]} Qe1+ {[%emt 0:00:07]} 94. Ka2 {[%emt 0:00:10]} Qa5+ {[%emt 0:00:22]} 95. Qa3 {[%emt 0:00:20]} Qd2+ {[%emt 0:00:45]} 96. Kb1 {[%emt 0:00:50]} Qd1+ {[%emt 0:00:37]} 97. Kb2 {[%emt 0:01:45]} Qd2+ {[%emt 0:00:12]} 98. Ka1 {[%emt 0:00:13]} Qd1+ {[%emt 0:00:17]} 99. Ka2 {[%emt 0:00:12]} Qc2+ {[%emt 0:00:16]} 100. Qb2 {[%emt 0:00:21]} Qa4+ {[%emt 0:00:13]} 101. Kb1 {[%emt 0:00:14]} Qd1+ {[%emt 0:00:07]} 102. Qc1 {[%emt 0:00:14]} Qb3+ {[%emt 0:00:03]} 103. Ka1 {[%emt 0:00:09]} Qxb7 {[%emt 0:00:33]} 104. Qb1+ {[%emt 0:00:09]} Qxb1+ {[%emt 0:00:04]} 105. Kxb1 {[%emt 0:00:05]} Kg6 {[%emt 0:00:01]} 106. g5 {[%emt 0:00:08]} Kxg5 {[%emt 0:00:02]} 1/2-1/2

[Event "RUS-chT Higher League 2021"]
[Site "Sochi"]
[Date "2021.05.08"]
[Round "7.3"]
[White "Drygalov, Andrey"]
[Black "Smirnov, Timofey"]
[Result "1/2-1/2"]
[WhiteElo "2500"]
[BlackElo "2415"]
[Annotator "ChessBase"]
[PlyCount "194"]
[EventDate "2021.05.01"]
[EventType "team-tourn"]
[EventCountry "RUS"]
[SourceTitle "playchess.com"]
[Source "ChessBase"]
[SourceQuality "1"]
[TimeControl "40/5400+30:1800+30"]

1. e4 {[%emt 0:00:00]} e5 {[%emt 0:00:00]} 2. Nf3 {[%emt 0:00:00]} Nc6 {[%emt 0:00:00]} 3. Bb5 {[%emt 0:00:00]} a6 {[%emt 0:00:01]} 4. Ba4 {[%emt 0:00:00]} Nf6 {[%emt 0:00:05]} 5. O-O {[%emt 0:00:00]} Be7 {[%emt 0:00:12]} 6. Re1 {[%emt 0:00:04]} b5 {[%emt 0:00:10]} 7. Bb3 {[%emt 0:00:03]} d6 {[%emt 0:00:06]} 8. c3 {[%emt 0:00:03]} O-O {[%emt 0:00:06]} 9. h3 {[%emt 0:00:04]} Bb7 {[%emt 0:00:57]} 10. d4 {[%emt 0:00:06]} Re8 {[%emt 0:00:11]} 11. Nbd2 {[%emt 0:00:05]} Bf8 {[%emt 0:00:07]} 12. a3 {[%emt 0:00:06]} g6 {[%emt 0:01:42]} 13. Ba2 {[%emt 0:00:00]} Bg7 {[%emt 0:05:28]} 14. b4 {[%emt 0:25:23]} Nb8 {[%emt 0:18:57]} 15. Ng5 {[%emt 0:00:30]} Rf8 16. Nb3 {[%emt 0:10:31]} Nbd7 {[%emt 0:16:27]} 17. Na5 {[%emt 0:05:39]} Bc8 {[%emt 0:06:48]} 18. dxe5 {[%emt 0:05:46]} dxe5 19. c4 {[%emt 0:00:46]} h6 {[%emt 0:08:55]} 20. Nf3 {[%emt 0:04:08]} c5 {[%emt 0:10:31]} 21. Qd6 {[%emt 0:00:30]} Re8 22. Bb2 {[%emt 0:23:12]} Bf8 {[%emt 0:02:15]} 23. Qd2 {[%emt 0:01:30]} Qb6 {[%emt 0:06:04]} 24. Rab1 {[%emt 0:00:30]} Qd6 {[%emt 0:00:50]} 25. Bc3 {[%emt 0:03:06]} Qxd2 {[%emt 0:00:30]} 26. Bxd2 cxb4 {[%emt 0:04:54]} 27. axb4 {[%emt 0:00:42]} bxc4 28. Bxc4 Rb8 {[%emt 0:00:18]} 29. Bc3 {[%emt 0:05:49]} Rb6 {[%emt 0:00:28]} 30. Nd2 {[%emt 0:00:36]} Nb8 {[%emt 0:04:05]} 31. Bf1 {[%emt 0:02:57]} Bd7 {[%emt 0:01:17]} 32. Nac4 {[%emt 0:01:43]} Rbe6 {[%emt 0:00:24]} 33. Nf3 {[%emt 0:00:30]} Bc6 {[%emt 0:00:53]} 34. Bd3 {[%emt 0:02:52]} Nfd7 {[%emt 0:05:24]} 35. Na3 {[%emt 0:02:51]} a5 {[%emt 0:04:46]} 36. Bc4 {[%emt 0:01:27]} Rf6 {[%emt 0:00:14]} 37. Nc2 {[%emt 0:00:21]} Ba4 {[%emt 0:01:01]} 38. Ne3 {[%emt 0:00:44]} axb4 {[%emt 0:00:05]} 39. Bxb4 {[%emt 0:00:03]} Bxb4 {[%emt 0:03:55]} 40. Rxb4 {[%emt 0:00:00]} Bc6 {[%emt 0:00:00]} 41. Ng4 {[%emt 0:02:14]} Rf4 {[%emt 0:02:03]} 42. Nfxe5 {[%emt 0:13:21]} Nxe5 {[%emt 0:01:34]} 43. Nxe5 {[%emt 0:00:21]} Rxe5 {[%emt 0:00:09]} 44. Rxb8+ {[%emt 0:00:03]} Kg7 {[%emt 0:00:11]} 45. f3 {[%emt 0:00:03]} Rc5 {[%emt 0:14:47]} 46. Bb3 {[%emt 0:01:05]} Rb5 {[%emt 0:02:44]} 47. Rxb5 {[%emt 0:00:30]} Bxb5 {[%emt 0:00:01]} 48. Bd5 {[%emt 0:00:41]} Rf6 {[%emt 0:00:30]} 49. Rb1 {[%emt 0:00:30]} Bd7 {[%emt 0:00:30]} 50. Rb7 {[%emt 0:00:30]} Rd6 {[%emt 0:00:30]} 51. Kf2 {[%emt 0:00:30]} Be6 {[%emt 0:00:30]} 52. Rb5 {[%emt 0:00:30]} h5 {[%emt 0:00:30]} 53. Ke3 {[%emt 0:00:30]} Ra6 {[%emt 0:02:26]} 54. Kf4 {[%emt 0:07:37]} Kf6 {[%emt 0:01:56]} 55. e5+ {[%emt 0:03:50]} Kg7 {[%emt 0:00:02]} 56. Be4 {[%emt 0:01:29]} Kh6 {[%emt 0:01:10]} 57. h4 {[%emt 0:02:42]} Ra2 {[%emt 0:00:21]} 58. g3 {[%emt 0:00:03]} Ra4 {[%emt 0:03:28]} 59. Rb7 {[%emt 0:04:56]} Bd5 {[%emt 0:00:30]} 60. Rd7 {[%emt 0:00:05]} Be6 61. Rc7 {[%emt 0:00:23]} Bd5 {[%emt 0:01:16]} 62. Ke3 {[%emt 0:01:10]} Be6 {[%emt 0:00:42]} 63. Rc3 {[%emt 0:00:34]} Kg7 {[%emt 0:00:28]} 64. Bb7 {[%emt 0:01:38]} Rb4 {[%emt 0:01:27]} 65. Rc7 {[%emt 0:00:30]} Ra4 {[%emt 0:00:30]} 66. Be4 {[%emt 0:00:06]} Rb4 {[%emt 0:01:01]} 67. Ra7 {[%emt 0:00:24]} Rb2 {[%emt 0:02:02]} 68. Kf4 {[%emt 0:01:22]} Kh6 {[%emt 0:00:30]} 69. Ra4 {[%emt 0:00:09]} Bd7 {[%emt 0:00:39]} 70. Rd4 Be6 71. Rd6 {[%emt 0:01:35]} Rb4 {[%emt 0:00:24]} 72. Ke3 {[%emt 0:00:16]} Kg7 {[%emt 0:01:20]} 73. Bd5 {[%emt 0:02:32]} Bxd5 {[%emt 0:01:15]} 74. Rxd5 {[%emt 0:00:05]} Rb3+ {[%emt 0:01:12]} 75. Ke4 {[%emt 0:00:06]} Rb4+ {[%emt 0:00:08]} 76. Rd4 {[%emt 0:00:06]} Rb1 {[%emt 0:00:06]} 77. Rd7 {[%emt 0:00:00]} Re1+ {[%emt 0:00:37]} 78. Kf4 {[%emt 0:00:15]} Re2 {[%emt 0:00:18]} 79. Rd6 {[%emt 0:00:52]} Re1 {[%emt 0:00:30]} 80. Rd3 {[%emt 0:00:39]} Re2 {[%emt 0:00:43]} 81. Re3 {[%emt 0:00:24]} Rg2 {[%emt 0:01:01]} 82. Ra3 {[%emt 0:00:30]} Re2 {[%emt 0:00:03]} 83. Ra7 {[%emt 0:01:30]} Re1 {[%emt 0:00:06]} 84. Re7 {[%emt 0:00:06]} Kf8 {[%emt 0:00:16]} 85. Rd7 {[%emt 0:00:08]} Kg7 {[%emt 0:00:02]} 86. Ra7 Re2 87. g4 {[%emt 0:01:27]} hxg4 {[%emt 0:00:19]} 88. fxg4 {[%emt 0:00:03]} Re1 {[%emt 0:01:12]} 89. h5 {[%emt 0:01:32]} gxh5 {[%emt 0:01:12]} 90. gxh5 {[%emt 0:00:02]} Rf1+ {[%emt 0:00:13]} 91. Ke4 {[%emt 0:00:11]} Rh1 {[%emt 0:01:13]} 92. Kf4 {[%emt 0:00:44]} Rxh5 {[%emt 0:01:54]} 93. e6 {[%emt 0:00:03]} Kf6 {[%emt 0:00:12]} 94. exf7 {[%emt 0:01:23]} Rh8 {[%emt 0:00:47]} 95. Rb7 {[%emt 0:00:03]} Rf8 {[%emt 0:00:09]} 96. Ra7 {[%emt 0:00:03]} Rxf7 {[%emt 0:00:05]} 97. Rxf7+ {[%emt 0:00:04]} Kxf7 {[%emt 0:00:04]} 1/2-1/2

[Event "RUS-chT Higher League 2021"]
[Site "Sochi"]
[Date "2021.05.08"]
[Round "7.4"]
[White "Klukin, Kirill"]
[Black "Gutenev, Alexander"]
[Result "1/2-1/2"]
[WhiteElo "2330"]
[BlackElo "2431"]
[Annotator "NA"]
[PlyCount "109"]
[EventDate "2021.05.01"]
[EventType "team-tourn"]
[EventCountry "RUS"]
[SourceTitle "playchess.com"]
[Source "ChessBase"]
[SourceQuality "1"]
[TimeControl "40/5400+30:1800+30"]

1. c4 {[%emt 0:00:00]} Nf6 {[%emt 0:00:00]} 2. Nf3 {[%emt 0:00:00]} g6 {[%emt 0:00:09]} 3. Nc3 {[%emt 0:00:00]} d5 {[%emt 0:00:08]} 4. cxd5 {[%emt 0:00:07]} Nxd5 {[%emt 0:00:07]} 5. h4 {[%emt 0:00:25]} h5 {[%emt 0:02:26]} 6. Qb3 {[%emt 0:01:01]} Nb6 {[%emt 0:00:37]} 7. d4 {[%emt 0:01:34]} Bg7 {[%emt 0:00:21]} 8. Bf4 {[%emt 0:00:18]} Be6 {[%emt 0:05:56]} 9. Qa3 {[%emt 0:03:02]} Nc6 {[%emt 0:01:30]} 10. e3 {[%emt 0:00:46]} O-O {[%emt 0:05:13]} 11. Bb5 {[%emt 0:09:26]} Nd5 {[%emt 0:15:34]} 12. Bg3 {[%emt 0:09:05]} Ncb4 {[%emt 0:04:54]} 13. Rc1 {[%emt 0:07:59]} a5 {[%emt 0:05:47]} 14. Ng5 {[%emt 0:16:14]} Bg4 {[%emt 0:05:30]} 15. O-O {[%emt 0:03:12]} Nb6 {[%emt 0:09:45]} 16. Na4 {[%emt 0:08:21]} c6 {[%emt 0:17:39]} 17. Nxb6 {[%emt 0:00:15]} Qxb6 {[%emt 0:00:04]} 18. Bc4 {[%emt 0:00:06]} a4 {[%emt 0:10:27]} 19. f3 {[%emt 0:05:17]} Bd7 {[%emt 0:04:02]} 20. Be1 {[%emt 0:02:39]} Nd5 {[%emt 0:00:33]} 21. Bf2 {[%emt 0:02:10]} Qb4 {[%emt 0:01:08]} 22. Bxd5 {[%emt 0:07:09]} Qxa3 {[%emt 0:00:07]} 23. Bxf7+ {[%emt 0:00:08]} Rxf7 {[%emt 0:00:05]} 24. bxa3 {[%emt 0:00:03]} Rf5 {[%emt 0:00:27]} 25. Ne4 {[%emt 0:01:51]} Rb5 {[%emt 0:00:35]} 26. Nc5 {[%emt 0:06:55]} Bc8 {[%emt 0:00:24]} 27. Rb1 {[%emt 0:00:51]} b6 {[%emt 0:00:17]} 28. Rxb5 {[%emt 0:03:34]} cxb5 {[%emt 0:00:08]} 29. Ne4 {[%emt 0:00:47]} Bd7 {[%emt 0:03:15]} 30. Rc1 {[%emt 0:00:48]} Rc8 {[%emt 0:00:04]} 31. Rxc8+ {[%emt 0:03:39]} Bxc8 {[%emt 0:00:02]} 32. Bg3 {[%emt 0:01:27]} Be6 {[%emt 0:00:45]} 33. Nc3 {[%emt 0:00:21]} Bc4 {[%emt 0:03:32]} 34. Bc7 {[%emt 0:00:32]} Kf7 {[%emt 0:00:03]} 35. Bxb6 {[%emt 0:00:48]} e5 {[%emt 0:00:04]} 36. Kf2 {[%emt 0:05:20]} exd4 {[%emt 0:00:05]} 37. exd4 {[%emt 0:00:07]} Bh6 {[%emt 0:00:07]} 38. Bc5 {[%emt 0:00:36]} Ke6 {[%emt 0:01:15]} 39. d5+ {[%emt 0:01:53]} Kd7 {[%emt 0:02:45]} 40. Ne4 {[%emt 0:00:00]} Bxd5 {[%emt 0:00:00]} 41. Nf6+ {[%emt 0:07:17]} Kc6 {[%emt 0:02:48]} 42. Nxd5 {[%emt 0:00:14]} Kxc5 {[%emt 0:04:58]} 43. Ne7 {[%emt 0:03:58]} b4 {[%emt 0:03:32]} 44. Ke2 {[%emt 0:06:35]} Kc4 {[%emt 0:05:49]} 45. axb4 {[%emt 0:02:15]} Kxb4 {[%emt 0:00:09]} 46. Kd3 {[%emt 0:00:28]} Ka3 {[%emt 0:00:22]} 47. Kc2 {[%emt 0:00:31]} Kxa2 {[%emt 0:00:27]} 48. Nxg6 {[%emt 0:00:08]} Ka3 {[%emt 0:00:16]} 49. Ne5 {[%emt 0:09:33]} Kb4 {[%emt 0:03:59]} 50. Nd3+ {[%emt 0:00:06]} Kc4 {[%emt 0:00:10]} 51. Nb2+ {[%emt 0:00:05]} Kd4 {[%emt 0:03:29]} 52. Nxa4 {[%emt 0:00:19]} Ke3 {[%emt 0:00:05]} 53. Nc3 {[%emt 0:02:02]} Kf2 {[%emt 0:01:31]} 54. g4 {[%emt 0:00:14]} Kxf3 {[%emt 0:01:25]} 55. gxh5 {[%emt 0:00:19]} 1/2-1/2

[Event "RUS-chT Higher League 2021"]
[Site "Sochi"]
[Date "2021.05.08"]
[Round "7.5"]
[White "Kezin, Roman"]
[Black "Khegay, Dmitriy"]
[Result "1/2-1/2"]
[WhiteElo "2472"]
[BlackElo "2523"]
[Annotator "ChessBase"]
[PlyCount "97"]
[EventDate "2021.05.01"]
[EventType "team-tourn"]
[EventCountry "RUS"]
[SourceTitle "playchess.com"]
[Source "ChessBase"]
[SourceQuality "1"]
[TimeControl "40/5400+30:1800+30"]

1. e4 {[%emt 0:00:00]} c6 {[%emt 0:00:07]} 2. Nf3 {[%emt 0:00:00]} d5 {[%emt 0:00:06]} 3. d3 {[%emt 0:00:00]} dxe4 {[%emt 0:06:09]} 4. dxe4 Qxd1+ {[%emt 0:00:04]} 5. Kxd1 {[%emt 0:00:41]} g6 {[%emt 0:00:03]} 6. c3 {[%emt 0:22:22]} Nf6 {[%emt 0:04:00]} 7. Nfd2 {[%emt 0:00:40]} Bh6 {[%emt 0:01:57]} 8. f3 {[%emt 0:00:08]} O-O {[%emt 0:03:29]} 9. a4 {[%emt 0:02:17]} Rd8 {[%emt 0:02:42]} 10. Kc2 {[%emt 0:04:38]} Nbd7 {[%emt 0:04:16]} 11. Nb3 {[%emt 0:09:04]} Bxc1 {[%emt 0:00:15]} 12. Kxc1 {[%emt 0:00:10]} Ne5 {[%emt 0:15:53]} 13. N1d2 {[%emt 0:00:57]} Ne8 {[%emt 0:02:08]} 14. Be2 {[%emt 0:29:23]} Nc7 {[%emt 0:03:44]} 15. Kc2 {[%emt 0:01:03]} f5 {[%emt 0:04:52]} 16. Rhe1 {[%emt 0:08:47]} fxe4 {[%emt 0:00:50]} 17. Nxe4 {[%emt 0:00:30]} Bf5 {[%emt 0:00:05]} 18. Bf1 {[%emt 0:00:18]} Nf7 {[%emt 0:20:25]} 19. Nd4 {[%emt 0:01:32]} Kf8 {[%emt 0:02:22]} 20. a5 {[%emt 0:02:04]} Bxe4+ {[%emt 0:01:51]} 21. Rxe4 {[%emt 0:00:06]} c5 {[%emt 0:00:04]} 22. Nb3 {[%emt 0:09:32]} b6 {[%emt 0:00:05]} 23. Rae1 {[%emt 0:00:18]} e6 {[%emt 0:00:07]} 24. f4 {[%emt 0:01:47]} Ke7 {[%emt 0:02:06]} 25. g3 {[%emt 0:00:11]} Rd6 {[%emt 0:09:06]} 26. Nd2 {[%emt 0:01:58]} b5 {[%emt 0:02:31]} 27. Nb3 {[%emt 0:00:52]} c4 {[%emt 0:00:04]} 28. Nd4 {[%emt 0:00:16]} Kf6 {[%emt 0:00:26]} 29. g4 {[%emt 0:02:36]} h6 {[%emt 0:02:36]} 30. h4 {[%emt 0:00:10]} Re8 {[%emt 0:05:33]} 31. g5+ {[%emt 0:00:30]} hxg5 {[%emt 0:00:04]} 32. hxg5+ {[%emt 0:00:44]} Kg7 {[%emt 0:00:04]} 33. Bh3 {[%emt 0:00:05]} Nd8 {[%emt 0:01:50]} 34. Re5 {[%emt 0:02:49]} a6 {[%emt 0:00:04]} 35. f5 {[%emt 0:00:28]} gxf5 {[%emt 0:00:22]} 36. Rc5 {[%emt 0:00:20]} Rd7 {[%emt 0:00:18]} 37. Nxf5+ {[%emt 0:00:33]} exf5 {[%emt 0:01:47]} 38. Rxc7 {[%emt 0:00:02]} Rxc7 {[%emt 0:00:05]} 39. Rxe8 {[%emt 0:00:04]} Nb7 {[%emt 0:01:42]} 40. Bxf5 {[%emt 0:00:00]} Nxa5 {[%emt 0:00:00]} 41. Re6 {[%emt 0:09:30]} Rf7 {[%emt 0:03:24]} 42. Rg6+ {[%emt 0:02:19]} Kf8 {[%emt 0:00:06]} 43. Rxa6 {[%emt 0:17:08]} Rxf5 {[%emt 0:00:08]} 44. Rxa5 {[%emt 0:00:06]} Rxg5 {[%emt 0:00:04]} 45. Kb1 {[%emt 0:02:07]} Ke7 {[%emt 0:00:09]} 46. Ra6 {[%emt 0:00:02]} Kd7 {[%emt 0:00:19]} 47. Ka2 {[%emt 0:00:05]} Kc7 {[%emt 0:00:12]} 48. Ka3 {[%emt 0:00:07]} Rg2 {[%emt 0:00:29]} 49. Rh6 {[%emt 0:00:11]} 1/2-1/2

[Event "RUS-chT Higher League 2021"]
[Site "Sochi"]
[Date "2021.05.08"]
[Round "7.6"]
[White "Yudin, Sergei"]
[Black "Obgolts, Erik"]
[Result "1/2-1/2"]
[WhiteElo "2484"]
[BlackElo "2414"]
[Annotator "ChessBase"]
[PlyCount "25"]
[EventDate "2021.05.01"]
[EventType "team-tourn"]
[EventCountry "RUS"]
[SourceTitle "playchess.com"]
[Source "ChessBase"]
[SourceQuality "1"]
[TimeControl "40/5400+30:1800+30"]

1. e4 {[%emt 0:00:00]} c5 {[%emt 0:00:00]} 2. Nf3 {[%emt 0:00:00]} Nc6 {[%emt 0:00:00]} 3. d4 {[%emt 0:00:00]} cxd4 {[%emt 0:00:00]} 4. Nxd4 {[%emt 0:00:00]} e5 {[%emt 0:00:41]} 5. Nb5 {[%emt 0:00:43]} d6 {[%emt 0:00:34]} 6. N1c3 {[%emt 0:00:44]} a6 {[%emt 0:02:30]} 7. Na3 {[%emt 0:00:07]} b5 {[%emt 0:00:12]} 8. Nd5 {[%emt 0:00:08]} Nf6 {[%emt 0:00:15]} 9. Bg5 {[%emt 0:00:10]} Qa5+ {[%emt 0:04:22]} 10. Bd2 {[%emt 0:00:25]} Qd8 {[%emt 0:00:08]} 11. Bg5 {[%emt 0:00:25]} Qa5+ {[%emt 0:01:34]} 12. Bd2 {[%emt 0:00:07]} Qd8 {[%emt 0:00:04]} 13. Bg5 {[%emt 0:00:06]} 1/2-1/2

[Event "RUS-chT Higher League 2021"]
[Site "Sochi"]
[Date "2021.05.08"]
[Round "7.7"]
[White "Ovod, Evgenija"]
[Black "Pogromsky, Mikhail"]
[Result "1-0"]
[WhiteElo "2341"]
[BlackElo "2422"]
[Annotator "NA"]
[PlyCount "95"]
[EventDate "2021.05.01"]
[EventType "team-tourn"]
[EventCountry "RUS"]
[SourceTitle "playchess.com"]
[Source "ChessBase"]
[SourceQuality "1"]
[TimeControl "40/5400+30:1800+30"]

1. e4 {[%emt 0:00:00]} c5 {[%emt 0:00:00]} 2. Nf3 {[%emt 0:00:00]} a6 {[%emt 0:00:00]} 3. c4 {[%emt 0:00:00]} Nc6 {[%emt 0:00:16]} 4. d4 {[%emt 0:00:00]} cxd4 {[%emt 0:00:04]} 5. Nxd4 {[%emt 0:00:00]} e5 {[%emt 0:00:07]} 6. Nf5 {[%emt 0:00:02]} d6 {[%emt 0:01:47]} 7. Nc3 {[%emt 0:00:05]} g6 {[%emt 0:02:44]} 8. Ne3 {[%emt 0:00:05]} Bh6 {[%emt 0:04:52]} 9. Bd3 {[%emt 0:00:07]} Nf6 {[%emt 0:09:33]} 10. Bd2 {[%emt 0:26:19]} Be6 {[%emt 0:08:17]} 11. Ned5 {[%emt 0:12:48]} Bxd2+ {[%emt 0:02:21]} 12. Qxd2 {[%emt 0:00:06]} Nd4 {[%emt 0:09:13]} 13. f4 {[%emt 0:13:35]} Bxd5 {[%emt 0:05:35]} 14. exd5 {[%emt 0:05:35]} O-O {[%emt 0:01:45]} 15. O-O {[%emt 0:03:01]} b5 {[%emt 0:05:45]} 16. fxe5 {[%emt 0:05:36]} dxe5 {[%emt 0:00:12]} 17. Qg5 {[%emt 0:00:09]} bxc4 {[%emt 0:03:08]} 18. Bxc4 {[%emt 0:10:15]} Nd7 {[%emt 0:10:13]} 19. Qxd8 {[%emt 0:00:28]} Rfxd8 {[%emt 0:01:07]} 20. d6 {[%emt 0:00:04]} Nf5 {[%emt 0:00:44]} 21. Ne4 {[%emt 0:00:10]} h5 {[%emt 0:06:27]} 22. Rac1 {[%emt 0:14:50]} Nb6 {[%emt 0:13:37]} 23. Bb3 {[%emt 0:00:09]} Rac8 {[%emt 0:01:45]} 24. Rc7 {[%emt 0:04:00]} Rxc7 {[%emt 0:02:45]} 25. dxc7 {[%emt 0:00:04]} Rc8 {[%emt 0:00:07]} 26. Rc1 {[%emt 0:01:11]} Na8 {[%emt 0:02:47]} 27. Rc6 {[%emt 0:00:56]} Kg7 {[%emt 0:03:41]} 28. Rxa6 {[%emt 0:00:45]} Nxc7 {[%emt 0:00:41]} 29. Rc6 {[%emt 0:02:01]} Ne7 {[%emt 0:01:39]} 30. Rc5 {[%emt 0:00:25]} Na6 {[%emt 0:00:13]} 31. Rxe5 {[%emt 0:00:16]} Rc1+ {[%emt 0:00:14]} 32. Kf2 {[%emt 0:00:06]} Nf5 {[%emt 0:00:32]} 33. Rd5 {[%emt 0:00:34]} Rb1 {[%emt 0:00:39]} 34. Rd2 {[%emt 0:00:41]} Nb4 {[%emt 0:00:45]} 35. Nc5 {[%emt 0:02:28]} Nc6 {[%emt 0:01:41]} 36. Bd5 {[%emt 0:00:18]} Ne5 {[%emt 0:00:22]} 37. h3 {[%emt 0:00:31]} Ra1 {[%emt 0:02:06]} 38. g3 {[%emt 0:00:27]} h4 {[%emt 0:00:17]} 39. gxh4 {[%emt 0:00:32]} Nxh4 {[%emt 0:00:34]} 40. b4 {[%emt 0:00:00]} Nf5 {[%emt 0:00:00]} 41. Nb3 {[%emt 0:05:41]} Nd3+ {[%emt 0:03:14]} 42. Rxd3 {[%emt 0:01:11]} Rxa2+ {[%emt 0:00:02]} 43. Nd2 {[%emt 0:02:46]} Ra4 {[%emt 0:01:49]} 44. b5 {[%emt 0:04:24]} Rb4 {[%emt 0:04:41]} 45. Bc4 {[%emt 0:00:08]} Kf6 {[%emt 0:02:02]} 46. Rb3 {[%emt 0:00:58]} Ra4 {[%emt 0:01:15]} 47. b6 {[%emt 0:00:40]} Nd6 {[%emt 0:00:46]} 48. b7 {[%emt 0:00:41]} 1-0